| 000 | 01450cad a22002535a 4500 | ||
|---|---|---|---|
| 001 | L142593 | ||
| 008 | 080225s2008 xxk f v 000 0 eng d | ||
| 035 | _a(Sirsi) u142593 | ||
| 041 | 0 | _aeng | |
| 050 | 0 | 4 | _a692.8 $2 18 |
| 100 | 1 | _aEyssell, Kimberley | |
| 245 | 0 | 0 |
_aGlobal recovery or global disaster? _h[electronic resource] |
| 260 |
_aLondon _bRICS _c2008 |
||
| 520 | _aGlobal claims (sometimes referred to as total cost, rolled up or actual total cost claims) are a common phenomenon in the construction and engineering industries, especially in delay or disruption claims. Covers: definitions; problems with global claims. Considers whether such claims are valid in law, in the light of recent judgements, including John Doyle Construction v Laing Management [2007] EWHC 1589. Outlines practical steps to protect against such claims. Considers what to do if there are no records. | ||
| 590 | _aKA | ||
| 650 | 2 | 4 | _aSOCIETY OF CONSTRUCTION LAW DELAY AND DISRUPTION PROTOCOL |
| 650 | 2 | 4 | _aPETROMEC INC V PETROLEO BRASILEIRO SA |
| 650 | 2 | 4 | _aUNDERGROUND LTD V CITYLINK TELECOMMUNICATIONS LTD |
| 650 | 2 | 4 | _aJOHN DOYLE CONSTRUCTION LTD V LAING MANAGEMENT (SCOTLAND) LTD |
| 651 | 4 | _aInternational | |
| 690 | _aBUILT ENVIRONMENT-CONSTRUCTION MANAGEMENT-BUILDING CONTRACT ADMINISTRATION | ||
| 856 | 4 | 1 |
_uhttps://www.rics.org/RICSWEB/getpage.aspx?p=fRGZJK5xCEqBwzBll24zhA _zView the document free of charge at www.rics.org... |
| 942 | _n0 | ||
| 999 |
_c107920 _d107920 |
||